MDQL
is popping MORE tags! Check the
thread
!
Quizzes
Events
Quiz Creation
Community
Videos
Private Events
Remove Ads
Sign In
Join for FREE
Feedback
Dark Mode
Quiz Categories
Sports
Geography
Music
Movies
Television
Just For Fun
Miscellaneous
History
Literature
Language
Science
Gaming
Entertainment
Religion
Holiday
For Kids
Quiz Lab
Recent
Popular Today
Quiz Kudos Today
Editor Picks
Curator Picks
Quizzes by...
Day
Popularity
Type
Ratings
Length
Year
Community
Subscriptions
Recent Discussions
Orange Saloon
Badges
Playlists
Quests
Create
Leaderboards
Showdown
Live 5
Trivia Bingo
Activity
Puzzle Library
Sporcle Events
Private Events
Virtual Trivia
Globe League
Become a Host
Pub Owners
SporcleCon
Opinionation
Our Games
Videos
Blog
Mobile Apps
Partnerships
Remove Ads and Go Orange
Feedback
Miscellaneous
Crossword
General Knowledge
Baby Names
Logo
Food
Cars
Numbers
Grab Bag
University
College
Popular
Company
Slogans
Restaurants
Justice
Letter
Miscellaneous
Crossword
General Knowledge
Baby Names
Logo
Food
Cars
Numbers
Grab Bag
University
College
Popular
Company
Slogans
Restaurants
Justice
Letter
Random Quiz
Search Sporcle
×
Quiz Lab
Quiz Lab
Miscellaneous
Numbers
Type in answers that appear in a list
Type in answers that appear in a list
Classic
Best Score? Go Orange.
1-200 Stats
Can you name the numbers 1-200?
By
yair5588
2m
200 Questions
23 Plays
23 Plays
23 Plays
Comments
Comments
Give Quiz Kudos
Give Quiz Kudos
-
- Ratings
hide this ad
Forced Order
Answers have to be entered in order
Answers have to be entered in order
Replay
Link that replays current quiz
Next Quiz
Link to next quiz in quiz playlist
You Got
0%
They Got
Avg Score
62%
Avg Friend Score
Upgrade to see
Score Distribution
Jump to the score distribution portion of the page
Score
0/200
Timer
02:00
0
Plays Today
Numbers
% Correct
1
100%
2
100%
3
100%
4
100%
5
100%
6
95.7%
7
95.7%
8
95.7%
9
95.7%
10
95.7%
11
95.7%
12
95.7%
13
95.7%
14
95.7%
15
95.7%
16
95.7%
17
91.3%
18
91.3%
19
91.3%
20
91.3%
21
91.3%
22
91.3%
23
91.3%
24
91.3%
25
91.3%
26
91.3%
27
91.3%
28
91.3%
29
91.3%
30
91.3%
31
91.3%
32
91.3%
33
91.3%
34
82.6%
35
82.6%
36
82.6%
37
82.6%
38
82.6%
39
82.6%
40
82.6%
41
82.6%
42
82.6%
43
82.6%
44
82.6%
45
82.6%
46
82.6%
47
82.6%
48
82.6%
49
78.3%
50
78.3%
51
78.3%
52
78.3%
53
78.3%
54
78.3%
70
73.9%
55
73.9%
56
73.9%
57
73.9%
58
73.9%
59
73.9%
60
73.9%
61
73.9%
62
73.9%
63
73.9%
64
73.9%
65
73.9%
66
73.9%
Numbers
% Correct
67
73.9%
68
73.9%
69
73.9%
71
73.9%
72
73.9%
73
73.9%
74
73.9%
75
73.9%
76
73.9%
77
73.9%
78
73.9%
79
73.9%
80
73.9%
81
73.9%
82
73.9%
83
73.9%
84
73.9%
85
73.9%
86
73.9%
87
73.9%
88
73.9%
89
73.9%
90
73.9%
91
73.9%
92
73.9%
93
73.9%
94
73.9%
95
73.9%
96
73.9%
97
73.9%
98
73.9%
99
73.9%
100
73.9%
101
73.9%
102
73.9%
103
73.9%
104
73.9%
105
73.9%
106
73.9%
107
73.9%
108
69.6%
109
69.6%
110
69.6%
111
69.6%
112
69.6%
113
69.6%
114
69.6%
115
69.6%
116
69.6%
117
69.6%
118
69.6%
119
69.6%
120
69.6%
121
69.6%
122
69.6%
123
69.6%
124
65.2%
125
65.2%
126
65.2%
127
65.2%
128
65.2%
129
60.9%
130
60.9%
131
60.9%
132
60.9%
133
56.5%
134
56.5%
Numbers
% Correct
135
56.5%
136
52.2%
137
43.5%
138
43.5%
139
39.1%
140
39.1%
141
39.1%
142
39.1%
143
39.1%
144
39.1%
145
39.1%
146
39.1%
147
34.8%
148
34.8%
149
34.8%
150
34.8%
151
34.8%
152
34.8%
153
34.8%
154
34.8%
155
30.4%
156
30.4%
157
30.4%
158
30.4%
159
30.4%
171
26.1%
160
26.1%
161
26.1%
162
26.1%
163
26.1%
164
26.1%
165
26.1%
166
26.1%
167
26.1%
168
26.1%
169
26.1%
170
26.1%
172
26.1%
173
26.1%
174
26.1%
175
26.1%
176
26.1%
177
26.1%
178
26.1%
179
26.1%
180
26.1%
181
26.1%
182
26.1%
183
26.1%
184
26.1%
185
26.1%
186
26.1%
187
21.7%
188
21.7%
189
21.7%
190
21.7%
191
21.7%
192
21.7%
193
21.7%
194
21.7%
195
21.7%
196
21.7%
199
21.7%
197
17.4%
198
13%
HA YOU DIDN'T GET A PERFECT SCORE!
4.3%
Quiz Playlist
Details
Report
Send in Message
Add To Playlist
Classic:
Type in answers that appear in a list
Forced Order:
Answers have to be entered in order
Last Updated: Feb 16, 2017
Quiz Scoreboard
CHALLENGE
Sign Up to Join the Scoreboard
Show All
Scores
Hide
Comments
May contain spoilers
Recently Published
1-10 Letter E Words III
by El_Dandy
Language
2m
Street Fighter Characters
by Artimus82
Gaming
60s
College Basketball Coaching Resumes
by pancakes188
Sports
9m
More to Explore
Quiz From the Vault
Featured Blog Post
Where Did the Easter Bunny Come From?
hide this ad
You Might Also Like...
Tags
Numbers Quiz
1-200
Today's Top Quizzes in Miscellaneous
Browse Miscellaneous
hide this ad
Today's Top Quizzes in Numbers
Browse Numbers
Top Contributed Quizzes in Miscellaneous
1
5-to-1: Fast Food
2
The JOE quick-fire general knowledge quiz: Day 174
3
The JOE quick-fire general knowledge quiz: Day 173
4
5-to-1: Cocktails
5
The JOE quick-fire general knowledge quiz: Day 172
6
9x9 Crossword: Disney Movie Titles
7
9x9 Crossword: Charlie and the Chocolate Factory
8
Sunday Crossword: Famous Bodies of Water
9
9x9 Crossword: Flags
10
The JOE quick-fire general knowledge quiz: Day 171
Explore More
Trending Topics
Kpop
Anime
Marvel
Crossword
Disney
Harry Potter
NBA
NFL
Pokémon
The Office
WWE
Puzzle
Soccer
Song
Country
hide this ad
More By:
yair5588
Quiz
Plays
Rating
Category
Featured
Created
sports questions then figure out code
6,249
1.26
Sports
Jun 22, 2010
MLB Team Hats by Description
4,231
2.40
Sports
Feb 2, 2011
New York Mets 2010, 34 man roster
364
4.17
Sports
Mar 21, 2010
Yankees starting roster
341
2.40
Sports
Jun 22, 2010
U.S. Presidents #2
247
2.71
History
Feb 25, 2010
Go to Creator's Profile
Score Distribution
Quiz Creator Spotlight
yair5588
Follow
Send a Message
Quizzes Created
-
Created Quiz Play Count
-
More By This Creator
Popular Quizzes Today
1
Find the US States - No Outlines Minefield
2
Find the Countries of Europe - No Outlines Minefield
3
Find the US States
4
The Countries of the World
5
Risky Map Clicking: Biggest States A-Z
6
US States
7
Popular People in 1961
8
Movies - When Are They Set?
More Miscellaneous Quizzes
Sandwiches
Quiz Lab
Trending Quizzes
Risky Map Clicking: Least Populous States A-Z
1-10 Letter G Words
1-10 Letter F Words
Countries of the World: 200 Million BC
Risky Map Clicking: Next State Alphabetically
Recently Updated
Rides in Walt Disney World
pecheneg
Most Oscar Losses (Acting)
pecheneg
Beyoncé Albums
pecheneg
Leaping Animals
pecheneg
Reality TV Shows (A-Z)
bhenderson79
Rickey Henderson's Hall of Fame Teammates
pecheneg
Champions League XIs: Arsenal
pecheneg
Quick Pick: Celebrities in WWE's Hall of Fame
aduchscher
A-Z Keypad Blitz II
pecheneg
Trending Topics
Crossword
Harry Potter
Marvel
NBA
Anime
Disney
Kpop
The Office
Song
Soccer
Country
WWE
Pokémon
Puzzle
NFL
Your Account Isn't Verified!
In order to create a playlist on Sporcle, you need to verify the email address you used during registration. Go to your
Sporcle Settings
to finish the process.
Report this User
Report this user for behavior that violates our
Community Guidelines
.
Details:
Send Report
Go to the Sporcle.com Mobile Site →
Comments